000 00634nam a2200181 a 4500
001 000385339
003 AM-YeHGA
005 20250617132207.0
008 041119s1983 ||| r 000 0 rus d
040 _aAM-YeHGA
041 0 _arus
100 1 _aПляцковский, Михаил Спартакович.
245 1 0 _aСемиструнка :
_bСтихи и песни /
_cМихаил Пляцковский; Худож. А.И. Добрицин.
260 _aМосква :
_bСов. Россия,
_c1983.
300 _a87 с.
_bпортр., ил.
700 1 _aДобрицин, А.И.
_eхудож.
_4art
090 _c148143
999 _c146756
_d146756